| 000 | 01392nam a2200265Ia 4500 | ||
|---|---|---|---|
| 003 | OSt | ||
| 005 | 20211028151504.0 | ||
| 008 | 210310s1986 mx fr 000 0dspa d | ||
| 020 | _a0881320455 | ||
| 040 |
_aCO-JMCR _cCO-JMCR |
||
| 041 | 1 |
_aspa _heng |
|
| 082 | 0 | 4 |
_a338.98 / _bB171h _223 |
| 100 | 1 |
_aBalassa, Bela, _917947 _eautora |
|
| 245 | 1 | 0 |
_aHacia una renovación del crecimiento económico en América Latina / _cBela Balassa, Gerardo M. Bueno, Pedro-Pablo Kuczynski [y 1 más] ; texto traducido del inglés por: Carmelo Saavedra Arce |
| 260 |
_aMéxico : _bEl Colegio de México : Fundacao Getúlio Vargas ; Institute for International Economics, _c1986 |
||
| 300 |
_b70 páginas ; _c23 cm. |
||
| 500 | _aIncluye datos biográficos de los autores. "Resumen, visión global y recomendaciones"--Tapa | ||
| 505 | 0 | _aVisión global y recomendaciones -- Las experiencias latinoamericanas -- Los tipos de cambio y la política comercial -- El financiamiento del crecimiento económico -- La función del Estado y de la empresa estatal -- La formulación de políticas en un mundo interdependiente | |
| 650 | 1 | 4 |
_aCrecimiento económico _917949 |
| 651 | 4 |
_aAmérica Latina _xPolítica económica _936232 |
|
| 700 | 1 |
_aBueno, Gerardo M., _eautor _941254 |
|
| 700 | 1 |
_aKuczynski, Pedro-Pablo, _eautor _941255 |
|
| 700 | 1 |
_aSaavedra Arce, Carmelo, _etraductor _941335 |
|
| 942 |
_2ddc _cBK |
||
| 999 |
_c8670 _d8670 |
||